[Event "Regionalliga Nord-West 1819"]
[Site "Bayern"]
[Date "2019.02.03"]
[Round "6.7"]
[White "Krekel, Matthias"]
[Black "Moenius, Oliver"]
[Result "1/2-1/2"]
[WhiteElo "1854"]
[BlackElo "1831"]
[PlyCount "113"]
[EventDate "2018.10.21"]
[EventType "team-tourn"]
[EventRounds "9"]
[EventCountry "GER"]
[SourceTitle "EXT 2022"]
[Source "ChessBase"]
[SourceDate "2021.10.06"]
[SourceVersion "1"]
[SourceVersionDate "2021.10.06"]
[SourceQuality "1"]
[WhiteTeam "Wuerzburg II"]
[BlackTeam "Hoechstadt/Aisch"]
[WhiteTeamCountry "GER"]
[BlackTeamCountry "GER"]

1. Nf3 g6 2. d4 Bg7 3. Bf4 c5 4. c3 d5 5. e3 Nc6 6. Nbd2 cxd4 7. exd4 Nf6 8. Bd3 0-0 9. 0-0 Nh5 10. Bg5 Qd6 11. Re1 f6 12. Bh4 e5 13. dxe5 fxe5 14. Bb5 Kh8 15. Nc4 Qc5 16. Bxc6 bxc6 17. Ncxe5 Nf4 18. Bg5 Ne6 19. Qd2 Nxg5 20. Qxg5 Bf5 21. Rad1 Bf6 22. Qh6 Rad8 23. Rd2 Bg7 24. Qh4 Bf6 25. Qa4 Be4 26. Qxc6 Qe7 27. Ng4 Bg7 28. Nd4 Qg5 29. Ne3 Bxd4 30. Rxd4 Rf3 31. Rxe4 dxe4 32. Qxe4 Rf4 33. Qb7 Rdf8 34. Rf1 R4f7 35. Qe4 Rf4 36. Qd5 Qf6 37. f3 Re8 38. Qd2 Qb6 39. Re1 Rd8 40. Qf2 Rf7 41. Ng4 Qd6 42. Qe3 Rb7 43. Ne5 Kg7 44. h4 Qd2 45. Nc4 Qxe3+ 46. Rxe3 Rd1+ 47. Kf2 Rbd7 48. Kg3 Rc1 49. Re2 Rc7 50. Nd6 Rc6 51. Rd2 Rb1 52. Ne4 a6 53. Rd7+ Kg8 54. Rb7 Rd1 55. Kf4 Rd5 56. g4 Rb5 57. Ra7 1/2-1/2